Tratado de direito constitucional financeiro e tributário (Record no. 998)
[ view plain ]
| 000 -LÍDER | |
|---|---|
| Campo Fixo de Controle | 00802nam a2200241 a 4500 |
| 001 - NÚMERO DE CONTROLE | |
| Campo de Controle | 998 |
| 003 - IDENTIFICAÇÃO DO NÚMERO DE CONTROLE | |
| Campo de Controle | BR-CuiBMT |
| 005 - DATA E HORA DA ÚLTIMA ATUALIZAÇÃO | |
| Campo de Controle | 20231124224819.0 |
| 008 - DADOS FIXOS | |
| Dados Fixos | 231111s2007 rjb 001 0 por d |
| 020 ## - INTERNATIONAL STANDARD BOOK NUMBER | |
| Nº do ISBN | 9788571477384 (v.1) |
| 020 ## - INTERNATIONAL STANDARD BOOK NUMBER | |
| Nº do ISBN | 9788571476141 (v.4) |
| 040 ## - AGÊNCIA CATALOGADORA | |
| Código da Agência Catalogadora | BR-CuiBMT |
| Agência que transcreveu o registro | BR-CuiBMT |
| 080 ## - Nº DA CLASSIFICAÇÃO DECIMAL UNIVERSAL | |
| Nº edição CDU | 2007 |
| Nº Class. CDU | 342:336.2 |
| 090 ## - NÚMERO DE CHAMADA | |
| Nº classificação | 342:336.2 |
| Cutter | T693t |
| 100 1# - ENTRADA PRINCIPAL -- AUTOR PESSOAL | |
| Nome pessoal | Torres, Ricardo Lobo |
| Datas associadas ao nome | 1935- |
| 245 10 - TÍTULO PRINCIPAL | |
| Título principal | Tratado de direito constitucional financeiro e tributário |
| Indicação de responsabilidade | Ricardo Lobo Torres. |
| 260 ## - PUBLICAÇÃO, DISTRIBUIÇÃO, ETC. | |
| Local de publicação | Rio de Janeiro : |
| Editora | Renovar, |
| Data | 2007-2009 |
| 504 ## - NOTA DE BIBLIOGRAFIA, ETC. | |
| Nota de bibliografia | Inclui bibliografia e índice. |
| 505 ## - NOTA DE CONTEÚDO | |
| Nota de conteúdo | v.1. Constituição Financeira, sistema tributário e estado fiscal -- v. 4. |
| 650 ## - ASSUNTO TÓPICO | |
| Cabeçalho tópico ou nome geográfico | Direito financeiro e tributário |
| Subdivisão geográfica | Brasil |
| 650 ## - ASSUNTO TÓPICO | |
| Cabeçalho tópico ou nome geográfico | Direito constitucional |
| 942 ## - ELEMENTOS DE ENTRADA ADICIONAIS (KOHA) | |
| Fonte de classificação ou esquema de arquivamento | Classificação Decimal Universal |
| Tipo de item do Koha | Livros |
No items available.